[Event "Spice Cup Open"]
[Site "Saint Louis USA"]
[Date "2012.10.18"]
[Round "6"]
[White "Corrales Jimenez, Fidel"]
[Black "Perelshteyn, Eugene"]
[Result "1/2-1/2"]
[WhiteTitle "GM"]
[BlackTitle "GM"]
[WhiteElo "2605"]
[BlackElo "2528"]
[WhiteFideId "3506690"]
[BlackFideId "2012529"]
[EventDate "2012.10.16"]

1. e4 c5 2. Nf3 g6 3. d4 cxd4 4. Nxd4 Nc6 5. c4 Nf6 6. Nc3 d6 7. Be2 Nxd4 8.
Qxd4 Bg7 9. Be3 O-O 10. Qd2 Be6 11. Rc1 Qa5 12. f3 Rfc8 13. b3 a6 14. Na4 Qxd2+
15. Kxd2 Nd7 16. g4 f5 17. exf5 gxf5 18. h3 Rf8 19. f4 Rad8 20. Nc3 d5 21. cxd5
Nf6 22. Bb6 Nxd5 23. Nxd5 Bxd5 24. Bxd8 Rxd8 25. Ke3 Bxh1 26. Rxh1 Bd4+ 27. Kf3
Kg7 28. Bd3 fxg4+ 29. hxg4 h6 30. a4 Bf6 31. Be4 b6 32. Rh5 Bc3 33. g5 Rd6 34.
Rh2 a5 35. Rc2 Bb4 36. Rc7 Rd1 37. Rc6 Rd6 38. Rc8 Rd1 39. Kf2 Bc5+ 40. Ke2 Rd4
41. Kf3 Rd1 42. Rc6 Rd6 43. Rxd6 Bxd6 44. gxh6+ Kxh6 45. f5 1/2-1/2

[Event "Spice Cup Open"]
[Site "Saint Louis USA"]
[Date "2012.10.18"]
[Round "6"]
[White "Finegold, Benjamin"]
[Black "Sarkar, Justin"]
[Result "1/2-1/2"]
[WhiteTitle "GM"]
[BlackTitle "IM"]
[WhiteElo "2493"]
[BlackElo "2408"]
[WhiteFideId "2000261"]
[BlackFideId "2010011"]
[EventDate "2012.10.16"]

1. d4 Nf6 2. c4 g6 3. Nc3 d5 4. e3 Bg7 5. cxd5 Nxd5 6. Nxd5 Qxd5 7. Ne2 O-O 8.
Nc3 Qd8 9. Be2 c5 10. d5 e6 11. e4 exd5 12. exd5 b6 13. O-O Bb7 14. Bf3 Nd7 15.
d6 Bxf3 16. Qxf3 Ne5 17. Qd5 Qd7 18. Bf4 Qf5 19. Bxe5 Bxe5 20. Rfe1 Bxc3 21.
Qxf5 gxf5 22. bxc3 Rfe8 23. a4 Rxe1+ 24. Rxe1 Rd8 25. Re7 Rxd6 26. Kf1 Rd3 27.
Rxa7 Rxc3 28. Rb7 Ra3 29. Rxb6 Rxa4 30. Rf6 f4 31. Rf5 Rc4 32. Ke2 Kg7 33. Kf3
Kg6 34. Rd5 Rc2 35. Re5 f5 36. Re8 c4 37. Rc8 Kf6 38. Rh8 Ke5 39. Rxh7 Rc3+ 40.
Ke2 f3+ 41. gxf3 Rc2+ 42. Kf1 c3 43. Rc7 Kd4 44. h4 Rb2 45. h5 c2 46. Ke1 Kd3
47. Rd7+ Kc3 48. Rc7+ Kd3 49. Rd7+ Kc3 50. Rc7+ Kd3 51. Rd7+ 1/2-1/2

[Event "Spice Cup Open"]
[Site "Saint Louis USA"]
[Date "2012.10.18"]
[Round "6"]
[White "Banawa, Jouaquin"]
[Black "Fierro Baquero, Martha L."]
[Result "1-0"]
[WhiteTitle "FM"]
[BlackTitle "IM"]
[WhiteElo "2300"]
[BlackElo "2387"]
[WhiteFideId "5201632"]
[BlackFideId "3600270"]
[EventDate "2012.10.16"]

1. d4 g6 2. c4 Bg7 3. Nf3 d6 4. Nc3 Nf6 5. e4 O-O 6. Be2 e5 7. O-O Nc6 8. d5 Ne7
9. Ne1 Nd7 10. Nd3 f5 11. Bd2 fxe4 12. Nxe4 Nf6 13. f3 c6 14. Ndf2 cxd5 15.
Nxf6+ Bxf6 16. cxd5 Nf5 17. Kh1 Qb6 18. Rb1 Bd7 19. Ne4 Be7 20. Bd3 Rac8 21. Qe2
a6 22. f4 Nd4 23. Qe3 Rce8 24. Bc3 Bd8 25. Rbe1 Nf5 26. Qxb6 Bxb6 27. fxe5 dxe5
28. g4 Ne3 29. Nf6+ Rxf6 30. Rxf6 Bd4 31. Bxd4 exd4 32. Rf4 Rf8 33. Rxd4 Nxg4
34. Re7 Nf2+ 35. Kg2 Bh3+ 36. Kg3 Nxd3 37. Rxd3 Bf5 38. Rde3 Rf6 39. Rxb7 1-0

[Event "Spice Cup Open"]
[Site "Saint Louis USA"]
[Date "2012.10.18"]
[Round "6"]
[White "Ramirez, Alejandro"]
[Black "Robson, Ray"]
[Result "1/2-1/2"]
[WhiteTitle "GM"]
[BlackTitle "GM"]
[WhiteElo "2551"]
[BlackElo "2602"]
[WhiteFideId "6500617"]
[BlackFideId "2023970"]
[EventDate "2012.10.16"]

1. c4 Nf6 2. Nc3 d5 3. cxd5 Nxd5 4. g3 g6 5. Bg2 Nxc3 6. bxc3 Bg7 7. Rb1 Nd7 8.
c4 O-O 9. Nf3 b6 10. Nd4 Ne5 11. Bxa8 Qxd4 12. Bg2 Bf5 13. d3 Nxd3+ 14. exd3
Bxd3 15. Rb3 Qe5+ 16. Be3 Bxc4 17. f4 Bxb3 18. Qxb3 Qa5+ 19. Kf2 Rd8 20. Re1 c5
21. Bf3 e6 22. Rd1 Rxd1 23. Bxd1 Bd4 24. Bxd4 Qd2+ 25. Be2 Qxd4+ 26. Qe3 Qd5 1/2-1/2

[Event "Spice Cup Open"]
[Site "Saint Louis USA"]
[Date "2012.10.18"]
[Round "6"]
[White "Kiewra, Keaton F"]
[Black "Mikhalevski, Victor"]
[Result "0-1"]
[WhiteTitle "IM"]
[BlackTitle "GM"]
[WhiteElo "2442"]
[BlackElo "2538"]
[WhiteFideId "2019280"]
[BlackFideId "2801914"]
[EventDate "2012.10.16"]

1. d4 Nf6 2. c4 g6 3. Nc3 d5 4. Nf3 Bg7 5. Bg5 Ne4 6. Bf4 Nxc3 7. bxc3 c5 8. e3
O-O 9. cxd5 Qxd5 10. Qb3 Qd8 11. Qa3 cxd4 12. cxd4 Nc6 13. h3 Be6 14. Bd3 Bd5
15. Be2 Bxf3 16. Bxf3 Nxd4 17. exd4 Qxd4 18. O-O Qxf4 19. Rab1 Rac8 20. Rxb7 Bd4
21. Qd3 e6 22. Rd7 Rfd8 23. Rxd8+ Rxd8 24. Qe2 Rb8 25. a4 Rb2 26. Qe4 Qd2 27.
Qh4 Qb4 28. Kh1 Rxf2 29. Rd1 Rd2 30. Rf1 Qxa4 31. Qe7 Rf2 32. Rd1 Rxf3 0-1

[Event "Spice Cup Open"]
[Site "Saint Louis USA"]
[Date "2012.10.18"]
[Round "6"]
[White "Mogranzini, Roberto"]
[Black "Priyadharshan, K."]
[Result "1-0"]
[WhiteTitle "IM"]
[BlackTitle "IM"]
[WhiteElo "2492"]
[BlackElo "2407"]
[WhiteFideId "810894"]
[BlackFideId "5018293"]
[EventDate "2012.10.16"]

1. c4 c5 2. g3 Nf6 3. Bg2 d5 4. cxd5 Nxd5 5. Nc3 Nc7 6. Nf3 Nc6 7. O-O e5 8. a3
f6 9. d3 Be6 10. Be3 Qd7 11. Rc1 Rc8 12. Ne4 b6 13. b4 Nd5 14. bxc5 Nxe3 15.
fxe3 Be7 16. Qa4 Na5 17. Qxd7+ Kxd7 18. cxb6 axb6 19. Rb1 Rb8 20. a4 Bb3 21.
Bh3+ Kc7 22. Nc3 Kb7 23. Nd2 Bb4 24. Rfc1 Bc5 25. Kf2 Bf7 26. Nb5 Bg6 27. Rb2
Rbd8 28. Nc4 Nxc4 29. Rxc4 Be8 30. Bg2+ Bc6 31. d4 Bxg2 32. Kxg2 Bd6 33. a5 Bb8
34. axb6 exd4 35. exd4 f5 36. e3 Rhe8 37. Kf3 Re6 38. Nc7 Rh6 39. Rc5 f4 40.
gxf4 Rh3+ 41. Ke4 Rd6 42. Nd5 Re6+ 43. Kd3 Bd6 44. Rc7+ Kb8 45. Rxg7 Rh5 46. b7
Rg6 47. Rxg6 hxg6 48. Nf6 Rh8 49. Nd7+ Ka7 50. b8=Q+ 1-0

[Event "Spice Cup Open"]
[Site "Saint Louis USA"]
[Date "2012.10.18"]
[Round "6"]
[White "Boros, Denes"]
[Black "Amanov, Zhanibek"]
[Result "1-0"]
[WhiteTitle "GM"]
[BlackTitle "IM"]
[WhiteElo "2492"]
[BlackElo "2374"]
[WhiteFideId "722340"]
[BlackFideId "13700189"]
[EventDate "2012.10.16"]

1. e4 e5 2. Nf3 Nc6 3. Bc4 Bc5 4. c3 Nf6 5. d3 d6 6. Bb3 a6 7. Nbd2 Ba7 8. h3 h6
9. Nf1 Be6 10. Bc2 d5 11. Qe2 d4 12. Ng3 Qd7 13. Bd2 b5 14. Nh4 Ne7 15. a4 Ng6
16. Nhf5 O-O 17. Qf3 Nh7 18. Nh5 Bxf5 19. exf5 Nf4 20. Nxf4 exf4 21. O-O Qxf5
22. Qxf4 Qd7 23. Qg3 Kh8 24. Rfe1 c6 25. Re2 Rae8 26. Rae1 Nf6 27. Qh4 Rxe2 28.
Rxe2 Re8 29. Rxe8+ Nxe8 30. Kf1 Kg8 31. Qg3 Qe6 32. Qf3 Nf6 33. Bd1 Bc5 34. Be1
Kf8 35. Qf4 dxc3 36. bxc3 Bd6 37. Qf3 Be5 38. Qe3 Qd6 39. d4 Bf4 40. Qf3 Nd5 41.
Bb3 Bg5 42. Qf5 Kg8 43. Qc8+ Kh7 44. c4 bxc4 45. Bxc4 Qf4 46. Bd3+ g6 47. Qxc6
Qxd4 48. Bc4 Nb6 49. Bxf7 Qd3+ 50. Kg1 Qb1 51. Qe8 Kg7 52. Bg8 Kf6 53. Qe6+ 1-0

[Event "Spice Cup Open"]
[Site "Saint Louis USA"]
[Date "2012.10.18"]
[Round "6"]
[White "Bregadze, Levan"]
[Black "Kavutskiy, Konstantin"]
[Result "1/2-1/2"]
[WhiteTitle "IM"]
[BlackTitle "FM"]
[WhiteElo "2366"]
[BlackElo "2287"]
[WhiteFideId "13603264"]
[BlackFideId "2026384"]
[EventDate "2012.10.16"]

1. d4 Nf6 2. Nf3 e6 3. c4 Bb4+ 4. Bd2 c5 5. Bxb4 cxb4 6. a3 bxa3 7. Rxa3 O-O 8.
Nc3 d6 9. b4 a5 10. bxa5 Rxa5 11. Rb3 Nbd7 12. e3 b6 13. Be2 Qe7 14. O-O Ba6 15.
Qb1 Rc8 16. Nd2 d5 17. Nb5 e5 18. Re1 Bxb5 19. cxb5 exd4 20. exd4 Qd6 21. Bd3 g6
22. g3 Ra3 23. Nf3 Rc3 24. Rxc3 Rxc3 25. Ne5 Qa3 26. Kg2 Nf8 27. Qd1 Kg7 28. h4
Ne6 29. Qd2 Qb4 30. Nc6 Qa3 31. Ne5 Qb4 32. Nc6 Qa3 1/2-1/2

[Event "Spice Cup Open"]
[Site "Saint Louis USA"]
[Date "2012.10.18"]
[Round "6"]
[White "Aripov, Iskandar"]
[Black "Hambleton, Aman"]
[Result "0-1"]
[BlackTitle "FM"]
[WhiteElo "2155"]
[BlackElo "2348"]
[WhiteFideId "14202395"]
[BlackFideId "2606577"]
[EventDate "2012.10.16"]

1. g3 Nf6 2. Bg2 c5 3. Nf3 e6 4. O-O Qc7 5. Nc3 a6 6. e4 d6 7. d4 cxd4 8. Nxd4
Be7 9. Re1 O-O 10. a4 Nc6 11. Nb3 b6 12. f4 Bb7 13. g4 Rfd8 14. g5 Nd7 15. Re3
Nc5 16. Rh3 g6 17. Be3 d5 18. Nxc5 bxc5 19. exd5 Nb4 20. Qe2 exd5 21. Nd1 d4 22.
Bc1 Re8 23. Bxb7 Qxb7 24. Qf2 Qe4 25. c3 Nc2 26. Ra2 Bd6 27. b3 Qe1+ 28. Kg2 Re2
29. Rxc2 Qxf2+ 30. Nxf2 Rxc2 31. Ba3 dxc3 32. Kf3 Ra2 33. Bc1 Ra1 34. Nd3 Re8
35. Rg3 Rxc1 36. Nxc1 Re1 37. Nd3 c2 38. Rg2 c1=Q 39. Nxc1 Rxc1 40. Rd2 Bf8 41.
Rd3 c4 42. bxc4 Rxc4 43. Rd8 Rxa4 44. Kg4 a5 45. Ra8 Kg7 46. Ra6 Ra1 47. h4 a4
48. h5 gxh5+ 49. Kxh5 a3 50. Kg4 Rf1 51. Kf5 Bd6 52. Kg4 Rxf4+ 53. Kh5 Rf1 54.
Ra8 Rf2 55. g6 hxg6+ 56. Kg4 a2 57. Kg5 Be5 58. Ra5 a1=Q 59. Ra4 f6+ 60. Kg4
Qxa4+ 61. Kh3 Rf4 62. Kg2 g5 63. Kh3 f5 64. Kg3 Kg6 65. Kh3 Rf3+ 66. Kg2 g4 67.
Kh1 Rf2 68. Kg1 g3 69. Kh1 f4 70. Kg1 f3 71. Kh1 Kf5 72. Kg1 Rh2 73. Kf1 Rg2 74.
Ke1 Qh4 75. Kf1 Bd6 76. Ke1 Rf2 77. Kd1 Re2 78. Kc1 g2 0-1

[Event "Spice Cup Open"]
[Site "Saint Louis USA"]
[Date "2012.10.18"]
[Round "6"]
[White "Heredia Serrano, Carla"]
[Black "Sharevich, Anna"]
[Result "1/2-1/2"]
[WhiteTitle "WIM"]
[BlackTitle "WGM"]
[WhiteElo "2188"]
[BlackElo "2294"]
[WhiteFideId "3603687"]
[BlackFideId "13503189"]
[EventDate "2012.10.16"]

1. e4 c5 2. Nf3 e6 3. d4 cxd4 4. Nxd4 a6 5. Bd3 Ne7 6. O-O Nbc6 7. c3 g6 8. Be3
Bg7 9. Nd2 O-O 10. Nxc6 bxc6 11. Qb3 d6 12. Rfd1 c5 13. Nc4 Qc7 14. Be2 Rb8 15.
Qa3 Rd8 16. Rd2 Bb7 17. Rad1 Bxe4 18. Rxd6 Rxd6 19. Nxd6 Bd5 20. Bxc5 Be5 21. g3
Nf5 22. Nxf5 gxf5 23. Bxa6 Ra8 24. Rxd5 exd5 25. b4 Bd6 26. Bd4 Qe7 27. Be3 f4
28. gxf4 Qe6 29. Qa4 Bxf4 30. Bxf4 Rxa6 31. Qc2 Qg4+ 32. Bg3 Qf3 33. Qd2 h5 34.
Qf4 1/2-1/2

[Event "Spice Cup Open"]
[Site "Saint Louis USA"]
[Date "2012.10.18"]
[Round "6"]
[White "Cassidy, Brian H"]
[Black "Jayakumar, Adarsh"]
[Result "0-1"]
[BlackTitle "FM"]
[WhiteElo "2098"]
[BlackElo "2290"]
[WhiteFideId "2064910"]
[BlackFideId "5026520"]
[EventDate "2012.10.16"]

1. e4 c5 2. Nf3 d6 3. d4 cxd4 4. Nxd4 Nf6 5. Nc3 a6 6. Bc4 e6 7. Bb3 Nbd7 8. f4
Nc5 9. e5 dxe5 10. fxe5 Nd5 11. Nxd5 Nxb3 12. Nxb3 Qxd5 13. Qe2 Bd7 14. c4 Bb4+
15. Kf2 Qc6 16. Be3 O-O 17. Rhf1 Rac8 18. Rac1 Qa4 19. Kg1 Qxa2 20. Nd4 Qa5 21.
Qh5 Bd2 22. Bxd2 Qxd2 23. Nf3 Qe3+ 24. Kh1 Bc6 25. Ng5 h6 26. Nxf7 Be8 27. Nxh6+
Qxh6 28. Rxf8+ Kxf8 29. Rf1+ Kg8 30. Qf3 Bc6 31. Qf7+ Kh7 32. Qe7 Rd8 0-1

[Event "Spice Cup Open"]
[Site "Saint Louis USA"]
[Date "2012.10.18"]
[Round "7"]
[White "Yang, Darwin"]
[Black "Ramirez, Alejandro"]
[Result "1/2-1/2"]
[WhiteTitle "IM"]
[BlackTitle "GM"]
[WhiteElo "2485"]
[BlackElo "2551"]
[WhiteFideId "2029111"]
[BlackFideId "6500617"]
[EventDate "2012.10.16"]

1. d4 d5 2. c4 c6 3. Nf3 Nf6 4. Nc3 a6 5. e3 e6 6. b3 Bb4 7. Bd2 Nbd7 8. Bd3 O-O
9. O-O Bd6 10. Re1 h6 11. Qc2 e5 12. cxd5 cxd5 13. e4 exd4 14. Nxd5 Nxd5 15.
exd5 Nf6 16. Qb2 Bc5 17. Rac1 Qd6 18. Bf4 Qxf4 19. Rxc5 Bg4 20. Qxd4 Qxd4 21.
Nxd4 Rac8 22. Rxc8 Bxc8 23. Re5 Rd8 24. Bc4 Kf8 25. a4 Nd7 26. Re3 1/2-1/2

[Event "Spice Cup Open"]
[Site "Saint Louis USA"]
[Date "2012.10.18"]
[Round "7"]
[White "Mikhalevski, Victor"]
[Black "Diamant, Andre"]
[Result "1/2-1/2"]
[WhiteTitle "GM"]
[BlackTitle "GM"]
[WhiteElo "2538"]
[BlackElo "2471"]
[WhiteFideId "2801914"]
[BlackFideId "2108356"]
[EventDate "2012.10.16"]

1. c4 g6 2. g3 Bg7 3. Bg2 Nf6 4. Nc3 O-O 5. d4 d6 6. Nf3 Nc6 7. O-O a6 8. Qd3 e5
9. d5 Nb4 10. Qd1 a5 11. Ne1 Na6 12. e4 Nc5 13. Be3 b6 14. f3 Nfd7 15. Rc1 f5
16. exf5 gxf5 17. f4 exf4 18. Bxf4 Ne5 19. Ne2 Qf6 20. Be3 Ng4 21. Bd2 Bd7 22.
h3 Ne5 23. Bc3 Rae8 24. Nf3 Ne4 25. Nxe5 Nxc3 26. Rxc3 Qxe5 27. Rc2 Kh8 28. Kh2
Qf6 29. Nf4 Qh6 30. Qh5 Qxh5 31. Nxh5 Be5 32. h4 Re7 33. Bh3 Be8 34. Nf4 Bd7 35.
b3 Rg8 36. Rf3 Ra8 37. a4 Rf8 38. Re2 Kg7 39. Kg2 Kh6 40. Nd3 Kg6 41. Nf4+ Kh6
42. Ne6 Bxe6 43. dxe6 Rxe6 44. Rxf5 Rxf5 45. Bxf5 Rf6 46. g4 Kg7 47. Rf2 h6 48.
Kf3 Rf7 49. Rg2 Re7 50. g5 hxg5 51. Rxg5+ Kf6 52. Rh5 Bd4 53. Be4 Be5 54. Rh6+
Kg7 55. Rg6+ Kf8 56. h5 Rg7 57. Bf5 Rxg6 58. Bxg6 Kg7 59. Ke4 Bc3 60. Kd5 Bb4
61. Kc6 Bc5 1/2-1/2

[Event "Spice Cup Open"]
[Site "Saint Louis USA"]
[Date "2012.10.18"]
[Round "7"]
[White "Finegold, Benjamin"]
[Black "Mogranzini, Roberto"]
[Result "1-0"]
[WhiteTitle "GM"]
[BlackTitle "IM"]
[WhiteElo "2493"]
[BlackElo "2492"]
[WhiteFideId "2000261"]
[BlackFideId "810894"]
[EventDate "2012.10.16"]

1. b3 e5 2. Bb2 Nc6 3. e3 a6 4. c4 g6 5. Nf3 Bg7 6. d4 exd4 7. Nxd4 Nxd4 8. Bxd4
Nf6 9. Be2 O-O 10. O-O d6 11. Nc3 c5 12. Bxf6 Bxf6 13. Rc1 Qa5 14. Nd5 Bd8 15.
Qc2 b5 16. Rfd1 Rb8 17. g3 Bb7 18. h4 Bxd5 19. Rxd5 Qc7 20. Rcd1 Be7 21. h5 Rfe8
22. Kg2 Bf8 23. Rh1 Bg7 24. Rh4 Re6 25. Rd1 Qa5 26. hxg6 hxg6 27. Bg4 Rf6 28.
Bf3 bxc4 29. Rxc4 Rb4 30. Bd5 Qb6 31. Qe4 Rf5 32. f4 Qa5 33. Qc2 Rh5 34. g4 Rxc4
35. Bxc4 Rh6 36. g5 Rh5 37. a4 Kf8 38. Bxf7 Kxf7 39. Rxd6 Rh4 1-0

[Event "Spice Cup Open"]
[Site "Saint Louis USA"]
[Date "2012.10.18"]
[Round "7"]
[White "Kavutskiy, Konstantin"]
[Black "Kiewra, Keaton F"]
[Result "1-0"]
[WhiteTitle "FM"]
[BlackTitle "IM"]
[WhiteElo "2287"]
[BlackElo "2442"]
[WhiteFideId "2026384"]
[BlackFideId "2019280"]
[EventDate "2012.10.16"]

1. d4 Nf6 2. c4 g6 3. Nc3 Bg7 4. e4 O-O 5. Nf3 c6 6. Be2 d5 7. e5 Ne4 8. O-O
Nxc3 9. bxc3 dxc4 10. Bxc4 c5 11. Re1 cxd4 12. cxd4 Bg4 13. Bb2 Nc6 14. d5 Na5
15. Bb3 Rc8 16. h3 Bxf3 17. Qxf3 Qb6 18. Rad1 Nxb3 19. axb3 Rc2 20. Ba3 Re8 21.
d6 e6 22. d7 Rd8 23. Be7 Bf8 24. Bxd8 Qxd8 25. Qf6 1-0

[Event "Spice Cup Open"]
[Site "Saint Louis USA"]
[Date "2012.10.18"]
[Round "7"]
[White "Kleiman, Jake"]
[Black "Banawa, Jouaquin"]
[Result "0-1"]
[WhiteTitle "IM"]
[BlackTitle "FM"]
[WhiteElo "2377"]
[BlackElo "2300"]
[WhiteFideId "2020041"]
[BlackFideId "5201632"]
[EventDate "2012.10.16"]

1. e4 c5 2. c3 Nf6 3. e5 Nd5 4. Bc4 Nb6 5. Bb3 c4 6. Bc2 Nc6 7. Nf3 Qc7 8. Qe2
g5 9. h3 Bg7 10. O-O Nxe5 11. Nxg5 h6 12. Nf3 Rg8 13. Nxe5 Qxe5 14. Qf3 d6 15.
d4 cxd3 16. Bxd3 Bd7 17. Be4 d5 18. Bh7 Rh8 19. Bf4 Qf6 20. Bc2 h5 21. Nd2 Bh6
22. Bxh6 Qxf3 23. Nxf3 Rxh6 24. Ne5 e6 25. f4 f6 26. Nxd7 Kxd7 27. Rad1 Rc8 28.
Rd3 h4 29. Re1 Rc4 30. Rd4 Rxd4 31. cxd4 Kd6 32. Bd3 Rh8 33. Kf2 Nd7 34. Bb5 Nf8
35. Kf3 Rg8 36. Re3 f5 37. Rc3 Nh7 38. Bd3 Nf6 39. Kf2 Nh5 40. Bf1 Nxf4 41. g3
hxg3+ 42. Rxg3 Rxg3 43. Kxg3 e5 44. Kf3 Ng6 45. dxe5+ Kxe5 46. Bd3 Nf4 47. Bf1
Ng6 48. Bd3 d4 49. Bc2 Kf6 50. Kg3 Kg5 51. Bb1 Nh4 52. Bd3 f4+ 53. Kf2 Ng6 54.
Be4 b6 55. Bg2 Ne5 56. Bf1 d3 57. Ke1 Kh4 58. Kf2 Kh5 59. Ke1 Kg5 60. Kf2 Kh4
61. b3 a5 62. a3 Kh5 63. Bg2 d2 64. Ke2 f3+ 0-1

[Event "Spice Cup Open"]
[Site "Saint Louis USA"]
[Date "2012.10.18"]
[Round "7"]
[White "Jung, Hans Rudolf"]
[Black "Finegold, Spencer"]
[Result "0-1"]
[WhiteTitle "FM"]
[WhiteElo "2150"]
[BlackElo "2081"]
[WhiteFideId "2600609"]
[BlackFideId "2047527"]
[EventDate "2012.10.16"]

1. Nc3 d5 2. e4 d4 3. Nce2 e5 4. Ng3 Bd6 5. Bc4 Nf6 6. c3 Nc6 7. Nf3 O-O 8. O-O
Na5 9. Be2 c5 10. b4 cxb4 11. cxd4 exd4 12. e5 d3 13. Bxd3 Bxe5 14. Nxe5 Qd4 15.
Rb1 Qxe5 16. Bb2 Qd6 17. Qc2 h6 18. Rfe1 Rd8 19. Bf5 Nc6 20. Qd1 Nd4 21. Bxd4
Qxd4 22. Bxc8 Raxc8 23. Nf5 Qf4 24. Ne7+ Kh8 25. Nxc8 Rxc8 26. g3 Qd4 27. Re2
Ne4 28. Qe1 Ng5 29. Re8+ Rxe8 30. Qxe8+ Kh7 31. Qe3 Qd5 32. Rb3 f5 33. h4 Ne4
34. Qf3 Qc5 35. Rd3 a5 36. Rd7 a4 37. Kg2 b3 38. axb3 axb3 39. d4 Qb5 40. Rf7
Nd6 41. Rd7 b2 42. Rxd6 b1=Q 0-1

[Event "Spice Cup Open"]
[Site "Saint Louis USA"]
[Date "2012.10.18"]
[Round "7"]
[White "Helfst, Matt D"]
[Black "Heredia Serrano, Carla"]
[Result "0-1"]
[BlackTitle "WIM"]
[WhiteElo "1965"]
[BlackElo "2188"]
[WhiteFideId "2044102"]
[BlackFideId "3603687"]
[EventDate "2012.10.16"]

1. d4 Nf6 2. Nf3 d5 3. c4 c6 4. cxd5 cxd5 5. Nc3 Nc6 6. Bf4 a6 7. e3 Bf5 8. Bd3
Bxd3 9. Qxd3 e6 10. O-O Be7 11. h3 O-O 12. Rfc1 Rc8 13. a3 b5 14. b4 Nd7 15. Nd2
e5 16. Bxe5 Ndxe5 17. dxe5 Nxe5 18. Qe2 Nc4 19. Nf3 Bf6 20. Nd4 Qd6 21. Qd3 Rfd8
22. Nce2 Ne5 23. Qb3 Rc4 24. Rd1 Nc6 25. Rd2 Nxd4 26. Nxd4 Bxd4 27. Rxd4 Rxd4
28. exd4 Re8 29. Rc1 g6 30. Qc3 Kg7 31. Re1 Re6 32. Rxe6 Qxe6 33. Qc5 Qe1+ 34.
Kh2 Qe4 35. Qb6 Qf4+ 36. Kg1 Qc1+ 37. Kh2 Qf4+ 38. Kg1 Qf6 39. Qc5 Qe6 40. Kh2
h5 41. h4 Qf5 42. Kg1 Qb1+ 43. Kh2 Qa2 44. f3 Qc4 45. Qb6 Qd3 46. Qc5 Qc4 47.
Qb6 Qd3 48. Qc5 Qf5 49. Kg3 g5 50. hxg5 Qxg5+ 51. Kf2 Qd2+ 52. Kg1 Qe3+ 53. Kh2
Qf4+ 54. Kg1 Qg5 55. Qb6 h4 56. Kf2 Qg3+ 57. Kf1 h3 58. gxh3 Qxf3+ 59. Ke1 Qxa3
60. Qd6 Qe3+ 61. Kf1 Qxh3+ 62. Kf2 Qh4+ 63. Ke3 Qe4+ 0-1

[Event "Spice Cup Open"]
[Site "Saint Louis USA"]
[Date "2012.10.18"]
[Round "7"]
[White "Neimer, Vitaly"]
[Black "Corrales Jimenez, Fidel"]
[Result "1/2-1/2"]
[WhiteTitle "IM"]
[BlackTitle "GM"]
[WhiteElo "2384"]
[BlackElo "2605"]
[WhiteFideId "2807017"]
[BlackFideId "3506690"]
[EventDate "2012.10.16"]

1. e4 c6 2. d4 d5 3. Nd2 dxe4 4. Nxe4 Bf5 5. Ng3 Bg6 6. Nf3 Nd7 7. h4 h6 8. h5
Bh7 9. Bd3 Bxd3 10. Qxd3 e6 11. Bf4 Qa5+ 12. Bd2 Bb4 13. c3 Be7 14. c4 Qc7 15.
Ne4 Ngf6 16. O-O-O Rd8 17. Kb1 O-O 18. Rhg1 Nxe4 19. Qxe4 Nf6 20. Qe2 Nxh5 21.
g4 Nf4 22. Qe4 Bg5 23. Nxg5 hxg5 24. Rh1 f5 25. Bxf4 gxf4 26. Qxe6+ Qf7 27. gxf5
Rde8 28. Qg6 Qxf5+ 29. Qxf5 Rxf5 30. Rhe1 Rff8 31. Kc2 Kf7 32. Kd3 Kf6 33. d5
cxd5 34. cxd5 Re5 35. Kd4 Rfe8 36. Rxe5 Rxe5 37. Kc5 Ke7 38. Rg1 g5 39. Rh1 Kf6
40. f3 Re2 41. Kd6 Rxb2 42. Kc7 Rc2+ 43. Kd7 Rxa2 44. d6 Ra3 45. Rf1 b5 46. Ke8
Re3+ 47. Kd8 Rd3 48. d7 a5 49. Ke8 g4 50. fxg4 Kg5 51. d8=Q+ Rxd8+ 52. Kxd8 Kxg4
53. Kc7 b4 54. Kb6 f3 55. Kxa5 Kg3 56. Kxb4 Kg2 57. Rxf3 Kxf3 1/2-1/2

[Event "Spice Cup Open"]
[Site "Saint Louis USA"]
[Date "2012.10.18"]
[Round "7"]
[White "Gerzhoy, Leonid"]
[Black "Boros, Denes"]
[Result "0-1"]
[WhiteTitle "IM"]
[BlackTitle "GM"]
[WhiteElo "2469"]
[BlackElo "2492"]
[WhiteFideId "2806126"]
[BlackFideId "722340"]
[EventDate "2012.10.16"]

1. d4 Nf6 2. Nf3 g6 3. c4 Bg7 4. Nc3 d5 5. cxd5 Nxd5 6. e4 Nxc3 7. bxc3 c5 8.
Bb5+ Nd7 9. O-O O-O 10. Bg5 Nf6 11. Qe2 Bg4 12. Rfd1 Qa5 13. d5 h6 14. Bxf6 Bxf6
15. Rab1 Qxc3 16. Rd3 Qe5 17. Bc4 Rab8 18. Rdb3 Qc7 19. h3 Bxf3 20. Qxf3 Kg7 21.
g3 Bd4 22. Qf4 Be5 23. Qg4 h5 24. Qe2 h4 25. f4 Bd4+ 26. Kg2 hxg3 27. e5 Bf2 28.
f5 Qd7 29. Rf3 b5 30. e6 Qd6 31. fxg6 f6 32. Rf5 bxc4 33. Rh5 Rh8 34. Rxb8 Qxb8
35. Rh7+ Rxh7 36. gxh7 Qb1 37. Qg4+ Kxh7 38. Qh5+ Kg7 39. Qf7+ Kh6 40. Qf8+ Kg5
41. Qg7+ Kf4 42. Qg4+ Ke5 43. Qh5+ Kd6 44. Qe8 Qe4+ 45. Kf1 Qd3+ 0-1

[Event "Spice Cup Open"]
[Site "Saint Louis USA"]
[Date "2012.10.18"]
[Round "7"]
[White "Bykhovsky, Anatoly"]
[Black "Sarkar, Justin"]
[Result "0-1"]
[WhiteTitle "GM"]
[BlackTitle "IM"]
[WhiteElo "2522"]
[BlackElo "2408"]
[WhiteFideId "2806991"]
[BlackFideId "2010011"]
[EventDate "2012.10.16"]

1. d4 f5 2. g3 Nf6 3. Bg2 g6 4. Nf3 Bg7 5. b3 d6 6. Bb2 O-O 7. O-O Ne4 8. c4 Nc6
9. Nc3 e6 10. Rc1 a5 11. e3 Qe7 12. Ne2 Rd8 13. a3 e5 14. d5 Nb8 15. Ne1 h5 16.
Nd3 Nd7 17. b4 axb4 18. axb4 Nb6 19. f3 Nf6 20. Qb3 Bd7 21. Nc3 h4 22. Ra1 hxg3
23. hxg3 Nh5 24. c5 Rxa1 25. Rxa1 Nc8 26. Ne2 Bb5 27. Rd1 Kf8 28. e4 Qe8 29. Re1
Ne7 30. f4 Bxd3 31. Qxd3 exf4 32. Bxg7+ Kxg7 33. Nd4 Nxd5 34. Qb1 Ne3 35. exf5
Nxg3 36. Ne6+ Kh6 37. Qa1 Qh8 38. Nxd8 Qxd8 39. Qd4 Nxg2 40. Kxg2 Nxf5 41. Qxf4+
Qg5+ 42. Qxg5+ Kxg5 43. cxd6 cxd6 44. Kf3 Kf6 45. Ke4 Ke6 46. Rg1 d5+ 47. Kd3
Kf6 48. Rc1 g5 49. Rc7 Nd6 50. Rh7 g4 51. Rd7 Ke5 52. Rg7 Kf4 53. Rd7 Ke5 54.
Rg7 Kf4 55. Ke2 d4 56. Rd7 Ke5 57. Kd3 g3 58. Re7+ Kf4 59. Re1 g2 60. Kxd4 Kf3
61. Kc5 Kf2 62. Ra1 Nc8 63. Ra2+ Kg3 64. Ra1 Kh2 65. Kd5 g1=Q 66. Rxg1 Kxg1 67.
Ke6 Nb6 68. Kd6 Na4 69. Kc7 b5 70. Kc6 Nc3 71. Kc5 Kf2 72. Kd4 Na4 0-1